<?xml version="1.0" encoding="UTF-8"?><?xml-stylesheet type="text/xsl" href="static/style.xsl"?><OAI-PMH xmlns="http://www.openarchives.org/OAI/2.0/" xmlns:xsi="http://www.w3.org/2001/XMLSchema-instance" xsi:schemaLocation="http://www.openarchives.org/OAI/2.0/ http://www.openarchives.org/OAI/2.0/OAI-PMH.xsd"><responseDate>2026-04-17T16:01:53Z</responseDate><request verb="GetRecord" identifier="oai:www.recercat.cat:2117/104175" metadataPrefix="marc">https://recercat.cat/oai/request</request><GetRecord><record><header><identifier>oai:recercat.cat:2117/104175</identifier><datestamp>2025-07-22T17:54:22Z</datestamp><setSpec>com_2072_1033</setSpec><setSpec>col_2072_452951</setSpec></header><metadata><record xmlns="http://www.loc.gov/MARC21/slim" xmlns:dcterms="http://purl.org/dc/terms/" xmlns:xsi="http://www.w3.org/2001/XMLSchema-instance" xmlns:doc="http://www.lyncode.com/xoai" xsi:schemaLocation="http://www.loc.gov/MARC21/slim http://www.loc.gov/standards/marcxml/schema/MARC21slim.xsd">
   <leader>00925njm 22002777a 4500</leader>
   <datafield ind2=" " ind1=" " tag="042">
      <subfield code="a">dc</subfield>
   </datafield>
   <datafield ind2=" " ind1=" " tag="720">
      <subfield code="a">Tomàs Rodríguez, Xavier</subfield>
      <subfield code="e">author</subfield>
   </datafield>
   <datafield ind2=" " ind1=" " tag="260">
      <subfield code="c">2016-06</subfield>
   </datafield>
   <datafield ind2=" " ind1=" " tag="520">
      <subfield code="a">Mobility is a social aspect that must always be planned for serving society, while optimizing&#xd;
economic aspects and caring about other such as environmental, visual and noise impact. Then,&#xd;
modelling the mobility is necessary and indispensable for the society development. In the past,&#xd;
the data necessary to do so was obtained from surveys associated to quinquennial census.&#xd;
Nowadays, there are different data set sources, but all them too aggregated to model the&#xd;
mobility.&#xd;
Autoritat del Transport Metropolit`a (ATM) obtained disaggregated Origin-Destination matrices&#xd;
per transport mode, which modeled the mobility in the Metropolitan Area of Barcelona in 2010.&#xd;
These matrices show the number of displacement done in a weekday in that year from each&#xd;
origin to each destination (the Metropolitan Area of Barcelona is divided into 582 different&#xd;
zones), and the transport mode used.&#xd;
From here on, this project has two main purposes, both focused on the mobility in the&#xd;
Metropolitan Area of Barcelona.&#xd;
First, determining the mobility in the Metropolitan Area of Barcelona in 2015 by updating the&#xd;
ATM matrices. This is done using different data sources like surveys and traffic counts, and so&#xd;
different methodologies.&#xd;
Second, modelling the mobility. This model is expected to be capable of predicting how mobility&#xd;
will evolve in the near future, in order to serve as a predictor of the consequences that any&#xd;
implementation or change done on the infrastructures or transportation prices could have in&#xd;
the mobility.</subfield>
   </datafield>
   <datafield tag="653" ind2=" " ind1=" ">
      <subfield code="a">Àrees temàtiques de la UPC::Enginyeria civil::Infraestructures i modelització dels transports</subfield>
   </datafield>
   <datafield tag="653" ind2=" " ind1=" ">
      <subfield code="a">Urban transportation</subfield>
   </datafield>
   <datafield tag="653" ind2=" " ind1=" ">
      <subfield code="a">Mobilitat</subfield>
   </datafield>
   <datafield tag="653" ind2=" " ind1=" ">
      <subfield code="a">Spiess</subfield>
   </datafield>
   <datafield tag="653" ind2=" " ind1=" ">
      <subfield code="a">Matrius OD</subfield>
   </datafield>
   <datafield tag="653" ind2=" " ind1=" ">
      <subfield code="a">Furness</subfield>
   </datafield>
   <datafield tag="653" ind2=" " ind1=" ">
      <subfield code="a">Transport urbà</subfield>
   </datafield>
   <datafield ind2="0" ind1="0" tag="245">
      <subfield code="a">Construcció i modelització de la matriu de mobilitat de la regió metropolitana de Barcelona per al 2015</subfield>
   </datafield>
</record></metadata></record></GetRecord></OAI-PMH>